राष्ट्रीय महिला आयोग और भारतीय नारी / (Record no. 118799)

MARC details
000 -LEADER
fixed length control field 01265nam a22002777a 4500
003 - CONTROL NUMBER IDENTIFIER
control field dpl
005 - DATE AND TIME OF LATEST TRANSACTION
control field 20190423131018.0
008 - FIXED-LENGTH DATA ELEMENTS--GENERAL INFORMATION
fixed length control field 190423b ||||| |||| 00| 0 eng d
010 ## - LIBRARY OF CONGRESS CONTROL NUMBER
LC control number B-043207
020 ## - INTERNATIONAL STANDARD BOOK NUMBER
Terms of availability 300.00
035 ## - SYSTEM CONTROL NUMBER
System control number B-043207, B-043211
037 ## - SOURCE OF ACQUISITION
Source of stock number/acquisition Cen Lib/Ret
040 ## - CATALOGING SOURCE
Original cataloging agency DPL
Language of cataloging HN
Transcribing agency 0
082 ## - DEWEY DECIMAL CLASSIFICATION NUMBER
Classification number 305.4
Item number अंसारी
100 ## - MAIN ENTRY--PERSONAL NAME
Personal name अंसारी, एम.ए.
9 (RLIN) 81961
245 ## - TITLE STATEMENT
Title राष्ट्रीय महिला आयोग और भारतीय नारी /
Statement of responsibility, etc एम.ए.अंसारी
246 ## - VARYING FORM OF TITLE
Title proper/short title Rashtreey mahila aayog aur bhartiye nari /
Remainder of title by M.A.Ansari
260 ## - PUBLICATION, DISTRIBUTION, ETC. (IMPRINT)
Place of publication, distribution, etc जयपुर
Name of publisher, distributor, etc ज्योति प्रकाशन
Date of publication, distribution, etc 2000
270 ## - ADDRESS
Address 187, बरकत नगर, टोंक फाटक
City जयपुर
Postal code 302 015
300 ## - PHYSICAL DESCRIPTION
Extent 240पृ.
Dimensions 20सेमी(सजिल्द)
650 ## - SUBJECT ADDED ENTRY--TOPICAL TERM
Topical term or geographic name as entry element राष्ट्रीय महिला आयोग -- सामाजिक सांस्कृतिक भूमिका
9 (RLIN) 81962
650 ## - SUBJECT ADDED ENTRY--TOPICAL TERM
Topical term or geographic name as entry element नारी -- सामाजिक नैतिकता
9 (RLIN) 81963
650 ## - SUBJECT ADDED ENTRY--TOPICAL TERM
Topical term or geographic name as entry element NCW - socio-cultural role
9 (RLIN) 81964
650 ## - SUBJECT ADDED ENTRY--TOPICAL TERM
Topical term or geographic name as entry element Woman - social morality
9 (RLIN) 81965
942 ## - ADDED ENTRY ELEMENTS (KOHA)
Source of classification or shelving scheme Dewey Decimal Classification
Koha item type Hindi Books
Classification part 305.4
Call number suffix अंसारी
Holdings
Withdrawn status Lost status Damaged status Not for loan Home library Current library Date acquired Source of acquisition Cost, normal purchase price Total Checkouts Full call number Barcode Date last seen Copy number Cost, replacement price Price effective from Koha item type Source of classification or shelving scheme Collection code
        Central Library Central Library 14/09/2015 Cen Lib/Ret 300.00   305.4 अंसारी B-043207 14/09/2015 1 300.00 14/09/2015 Hindi Books    
        Shahdara Branch Shahdara Branch 23/04/2019 BPPD/PUB 300.00   305.4 अंसारी B-043211 23/04/2019   300.00 23/04/2019 Hindi Books Dewey Decimal Classification Non-fiction

© Delhi Public Library
Hit Counter
free hit counter